00566nam a22001817a 450000500170000001000150001702000260003203500140005803700130007208200160008510000170010124500810011826000400019927000560023930000430029550000260033870000200036420200914160442.0 aENG-128439 c595.00a9789380640464 aEN-111971 bDBAD/PUB a331.3109546 aLal, Manohar aProblem of Child Labour in India/cby Dr. Manohar Lal and Dr. Rajendra Gupta aNew DelhibKutub Publicationsc2019 a33 Ward No.1, LIC Road Mehrauli bNew Delhie110030 a167p.c22cm(pbk)bPictures and Graphes aIncludes Bibliography aGupta, Rajender